Lady Gaga Charting Songs (Billboard Hot 100) - Statistics

General Stats
  • This quiz has been taken 1,079 times
    6 since last reset
  • The average score is 25 of 48
Answer Stats
Album Weeks On Peak Artist(s) Song % Correct
The Fame 40 Weeks #1 (1 Week) Lady Gaga Poker Face
100%
A Star is Born 45 Weeks #1 (1 Week) Lady Gaga & Bradley Cooper Shallow
100%
The Fame Monster 23 Weeks #5 Lady Gaga Alejandro
83%
ARTPOP 23 Weeks #4 Lady Gaga Applause
83%
The Fame Monster 35 Weeks #2 Lady Gaga Bad Romance
83%
Born This Way 20 Weeks #1 (6 Weeks) Lady Gaga Born This Way
83%
Mayhem 60 Weeks #1 (7 Weeks) Lady Gaga & Bruno Mars Die With a Smile
83%
The Fame 49 Weeks #1 (5 Weeks) Lady Gaga ft. Colby O'Donis Just Dance
83%
The Fame 27 Weeks #6 Lady Gaga Paparazzi
83%
Chromatica 20 Weeks #1 (1 Week) Lady Gaga & Ariana Grande Rain on Me
83%
The Fame Monster 33 Weeks #3 Lady Gaga ft. Beyonce Telephone
83%
Mayhem 20 Weeks #13 Lady Gaga Abracadabra
67%
A Star is Born 9 Weeks #41 Lady Gaga Always Remember Us This Way
67%
Joanne 1 Week #66 Lady Gaga A-YO
67%
Born This Way 18 Weeks #41 Lady Gaga Bloody Mary
67%
Mayhem 9 Weeks #27 Lady Gaga Disease
67%
ARTPOP 1 Week #76 Lady Gaga G.U.Y.
67%
Born This Way 1 Week #12 Lady Gaga Hair
67%
Born This Way 8 Weeks #10 Lady Gaga Judas
67%
The Fame 22 Weeks #5 Lady Gaga LoveGame
67%
Joanne 20 Weeks #4 Lady Gaga Million Reasons
67%
Born This Way 24 Weeks #3 Lady Gaga The Edge of Glory
67%
ARTPOP 1 Week #32 Lady Gaga Venus
67%
Born This Way 20 Weeks #6 Lady Gaga You and I
67%
ARTPOP 19 Weeks #13 Lady Gaga ft. R.Kelly Do What U Want
50%
Born This Way 12 Weeks #29 Lady Gaga Marry The Night
50%
Joanne 6 Weeks #15 Lady Gaga Perfect Illusion
50%
Chromatica 2 Weeks #33 Lady Gaga & BLACKPINK Sour Candy
50%
Non-Album Single 14 Weeks #39 Lady Gaga The Cure
50%
Chromatica 1 Week #84 Lady Gaga Alice
33%
ARTPOP 2 Weeks #8 Lady Gaga Dope
33%
Top Gun: Maverick 10 Weeks #47 Lady Gaga Hold My Hand
33%
A Star is Born 7 Weeks #36 Lady Gaga I'll Never Love Again
33%
Mayhem 1 Week #93 Lady Gaga ft. Gesaffelstein Killah
33%
The Fame Monster 1 Week #94 Lady Gaga Speechless
33%
Chromatica 10 Weeks #5 Lady Gaga Stupid Love
33%
I Am... Sasha Fierce 5 Weeks #65 Beyonce ft. Lady Gaga Video Phone
33%
Mayhem 1 Week #52 Lady Gaga Garden of Eden
17%
Mayhem 1 Week #69 Lady Gaga How Bad Do U Want Me
17%
A Star is Born 1 Week #63 Lady Gaga Is That Alright?
17%
Mayhem 1 Week #95 Lady Gaga LoveDrug
17%
Mayhem 1 Week #81 Lady Gaga Perfect Celebrity
17%
The Devil Wears Prada 2 2 Weeks #50 Lady Gaga ft. Doechii Runway
17%
Mayhem 14 Weeks #40 Lady Gaga The Dead Dance
17%
Non-Album Single 1 Week #95 Lady Gaga Til It Happens to You
17%
Mayhem 1 Week #61 Lady Gaga Vanish Into You
17%
Mayhem 1 Week #85 Lady Gaga Zombieboy
17%
Attention Deficit 1 Week #99 Wale ft. Lady Gaga Chillin'
0%
No matching quizzes found
Score Distribution
Percent of People with Each Score
Percentile by Number Answered
Your Score History
You have not taken this quiz since the last reset